[Event "DEM U12 2025"]
[Site "Willingen GER"]
[Date "2025.06.14"]
[Round "9"]
[White "Boroshnev, Dmytro"]
[Black "Rusch, Levi Adrian"]
[Result "1/2-1/2"]
[Termination "normal"]
[Board "22"]
[WhiteElo "1707"]
[BlackElo "1660"]
[WhiteClock "00:54:05"]
[BlackClock "00:12:10"]
[PlyCount "108"]
[WhiteFideId "34163611"]
[BlackFideId "34660224"]
[EventCountry "GER"]
[EventRounds "9"]
[EventType "swiss"]
[EventDate "2025.06.07"]

1. e4 {[%clk 01:30:58]} {[%emt 00:00:01]} e6 {[%clk 01:30:57]} {[%emt
00:00:05]} 2. d4 {[%clk 01:31:22]} {[%emt 00:00:05]} d5 {[%clk 01:31:20]}
{[%emt 00:00:07]} 3. Nd2 {[%clk 01:31:45]} {[%emt 00:00:07]} c5 {[%clk
01:31:45]} {[%emt 00:00:05]} 4. exd5 {[%clk 01:32:08]} {[%emt 00:00:06]} exd5
{[%clk 01:32:12]} {[%emt 00:00:04]} 5. Ngf3 {[%clk 01:32:27]} {[%emt 00:00:11]}
Nc6 {[%clk 01:32:36]} {[%emt 00:00:06]} 6. Bb5 {[%clk 01:32:49]} {[%emt
00:00:08]} Bd6 {[%clk 01:32:25]} {[%emt 00:00:41]} 7. dxc5 {[%clk 01:33:02]}
{[%emt 00:00:17]} Bxc5 {[%clk 01:32:34]} {[%emt 00:00:21]} 8. O-O {[%clk
01:33:26]} {[%emt 00:00:06]} Nge7 {[%clk 01:32:56]} {[%emt 00:00:08]} 9. Nb3
{[%clk 01:33:24]} {[%emt 00:00:32]} Bb6 {[%clk 01:33:04]} {[%emt 00:00:23]} 10.
Re1 {[%clk 01:30:17]} {[%emt 00:03:35]} O-O {[%clk 01:31:39]} {[%emt 00:01:55]}
11. c3 {[%clk 01:28:46]} {[%emt 00:02:02]} Bg4 {[%clk 01:30:10]} {[%emt
00:01:58]} 12. Be2 {[%clk 01:28:38]} {[%emt 00:00:38]} Ng6 {[%clk 01:26:42]}
{[%emt 00:04:00]} 13. h3 {[%clk 01:27:35]} {[%emt 00:01:29]} Bf5 {[%clk
01:25:20]} {[%emt 00:01:54]} 14. Bd3 {[%clk 01:25:24]} {[%emt 00:02:42]} Bxd3
{[%clk 01:17:44]} {[%emt 00:08:06]} 15. Qxd3 {[%clk 01:25:17]} {[%emt
00:00:36]} Qd6 {[%clk 01:16:12]} {[%emt 00:02:02]} 16. Be3 {[%clk 01:20:25]}
{[%emt 00:05:22]} Bc7 {[%clk 01:12:13]} {[%emt 00:04:29]} 17. Bc5 {[%clk
01:18:45]} {[%emt 00:02:11]} Nce5 {[%clk 01:01:26]} {[%emt 00:11:17]} 18. Bxd6
{[%clk 01:15:04]} {[%emt 00:04:10]} Nxd3 {[%clk 01:01:20]} {[%emt 00:00:37]}
19. Bxc7 {[%clk 01:15:29]} {[%emt 00:00:04]} Nxe1 {[%clk 00:58:42]} {[%emt
00:03:09]} 20. Nxe1 {[%clk 01:14:43]} {[%emt 00:01:16]} f5 {[%clk 00:57:29]}
{[%emt 00:01:44]} 21. Nd4 {[%clk 01:12:39]} {[%emt 00:02:32]} f4 {[%clk
00:56:30]} {[%emt 00:01:29]} 22. Nd3 {[%clk 01:12:08]} {[%emt 00:01:00]} b6
{[%clk 00:47:45]} {[%emt 00:09:17]} 23. Ne6 {[%clk 01:09:42]} {[%emt 00:02:55]}
Rf7 {[%clk 00:45:10]} {[%emt 00:03:06]} 24. Bd8 {[%clk 01:05:44]} {[%emt
00:04:28]} h6 {[%clk 00:41:44]} {[%emt 00:03:57]} 25. h4 {[%clk 01:05:00]}
{[%emt 00:01:14]} Nf8 {[%clk 00:36:25]} {[%emt 00:05:48]} 26. Ndxf4 {[%clk
01:00:34]} {[%emt 00:04:56]} Rd7 {[%clk 00:28:47]} {[%emt 00:08:08]} 27. Nxf8
{[%clk 00:59:00]} {[%emt 00:02:03]} Kxf8 {[%clk 00:29:04]} {[%emt 00:00:14]}
28. h5 {[%clk 00:59:27]} {[%emt 00:00:04]} Raxd8 {[%clk 00:27:22]} {[%emt
00:02:11]} 29. Ne6+ {[%clk 00:59:46]} {[%emt 00:00:11]} Kf7 {[%clk 00:27:49]}
{[%emt 00:00:04]} 30. Nxd8+ {[%clk 01:00:07]} {[%emt 00:00:08]} Rxd8 {[%clk
00:28:14]} {[%emt 00:00:06]} 31. Rd1 {[%clk 01:00:23]} {[%emt 00:00:13]} Kf6
{[%clk 00:28:31]} {[%emt 00:00:13]} 32. g4 {[%clk 01:00:10]} {[%emt 00:00:44]}
Ke5 {[%clk 00:28:12]} {[%emt 00:00:49]} 33. f3 {[%clk 01:00:14]} {[%emt
00:00:25]} d4 {[%clk 00:27:46]} {[%emt 00:00:57]} 34. cxd4+ {[%clk 01:00:32]}
{[%emt 00:00:11]} Rxd4 {[%clk 00:27:56]} {[%emt 00:00:20]} 35. Rxd4 {[%clk
01:00:59]} {[%emt 00:00:03]} Kxd4 {[%clk 00:28:19]} {[%emt 00:00:07]} 36. Kf2
{[%clk 01:01:26]} {[%emt 00:00:04]} a5 {[%clk 00:27:30]} {[%emt 00:01:18]} 37.
Ke2 {[%clk 01:01:30]} {[%emt 00:00:27]} b5 {[%clk 00:27:27]} {[%emt 00:00:32]}
38. Kd2 {[%clk 01:01:34]} {[%emt 00:00:26]} a4 {[%clk 00:26:48]} {[%emt
00:01:10]} 39. a3 {[%clk 01:01:31]} {[%emt 00:00:32]} Kc4 {[%clk 00:23:54]}
{[%emt 00:03:24]} 40. f4 {[%clk 00:50:04]} {[%emt 00:11:57]} Kd4 {[%clk
00:20:38]} {[%emt 00:03:47]} 41. f5 {[%clk 00:50:18]} {[%emt 00:00:15]} Ke4
{[%clk 00:16:32]} {[%emt 00:04:35]} 42. Kc3 {[%clk 00:49:51]} {[%emt 00:00:58]}
Kf4 {[%clk 00:15:01]} {[%emt 00:02:01]} 43. Kb4 {[%clk 00:50:14]} {[%emt
00:00:07]} Kxg4 {[%clk 00:13:22]} {[%emt 00:02:09]} 44. Kxb5 {[%clk 00:50:38]}
{[%emt 00:00:06]} Kxh5 {[%clk 00:13:42]} {[%emt 00:00:10]} 45. Kxa4 {[%clk
00:51:02]} {[%emt 00:00:07]} Kg5 {[%clk 00:12:25]} {[%emt 00:01:46]} 46. b4
{[%clk 00:51:28]} {[%emt 00:00:05]} h5 {[%clk 00:12:31]} {[%emt 00:00:23]} 47.
b5 {[%clk 00:51:56]} {[%emt 00:00:02]} h4 {[%clk 00:12:52]} {[%emt 00:00:10]}
48. b6 {[%clk 00:52:21]} {[%emt 00:00:05]} h3 {[%clk 00:13:13]} {[%emt
00:00:09]} 49. b7 {[%clk 00:52:48]} {[%emt 00:00:02]} h2 {[%clk 00:13:16]}
{[%emt 00:00:28]} 50. b8=Q {[%clk 00:53:12]} {[%emt 00:00:05]} h1=Q {[%clk
00:13:41]} {[%emt 00:00:06]} 51. Qg3+ {[%clk 00:53:15]} {[%emt 00:00:26]} Kxf5
{[%clk 00:13:08]} {[%emt 00:01:02]} 52. Qxg7 {[%clk 00:53:40]} {[%emt
00:00:06]} Qe4+ {[%clk 00:13:06]} {[%emt 00:00:32]} 53. Kb5 {[%clk 00:53:48]}
{[%emt 00:00:21]} Qd3+ {[%clk 00:12:24]} {[%emt 00:01:13]} 54. Kb4 {[%clk
00:54:05]} {[%emt 00:00:12]} Qd6+ {[%clk 00:12:10]} {[%emt 00:00:44]} 1/2-1/2

[Event "DEM U12 2025"]
[Site "Willingen GER"]
[Date "2025.06.14"]
[Round "9"]
[White "Martin Fernandez, Félix"]
[Black "Betz, Niclas"]
[Result "1-0"]
[Termination "normal"]
[Board "24"]
[WhiteElo "1723"]
[BlackElo "1678"]
[WhiteClock "00:31:29"]
[BlackClock "00:43:48"]
[PlyCount "89"]
[WhiteFideId "34605622"]
[BlackFideId "34616748"]
[EventCountry "GER"]
[EventRounds "9"]
[EventType "swiss"]
[EventDate "2025.06.07"]

1. e4 {[%clk 01:30:59]} {[%emt 00:00:03]} e6 {[%clk 01:30:55]} {[%emt
00:00:04]} 2. d4 {[%clk 01:31:22]} {[%emt 00:00:07]} d5 {[%clk 01:31:20]}
{[%emt 00:00:05]} 3. exd5 {[%emt 00:00:41]} exd5 {[%clk 01:31:42]} {[%emt
00:00:06]} 4. Bd3 {[%clk 01:31:37]} {[%emt 00:00:06]} Nf6 {[%clk 01:31:49]}
{[%emt 00:00:23]} 5. Nf3 {[%clk 01:31:38]} {[%emt 00:00:29]} Bd6 {[%clk
01:31:57]} {[%emt 00:00:22]} 6. O-O {[%clk 01:31:50]} {[%emt 00:00:17]} O-O
{[%clk 01:32:11]} {[%emt 00:00:17]} 7. c3 {[%clk 01:30:48]} {[%emt 00:01:33]}
Bg4 {[%clk 01:32:00]} {[%emt 00:00:40]} 8. Bg5 {[%clk 01:29:53]} {[%emt
00:01:25]} Nbd7 {[%clk 01:30:22]} {[%emt 00:02:08]} 9. Nbd2 {[%clk 01:29:25]}
{[%emt 00:00:58]} c6 {[%clk 01:25:52]} {[%emt 00:05:00]} 10. Qc2 {[%clk
01:29:14]} {[%emt 00:00:41]} h6 {[%clk 01:25:55]} {[%emt 00:00:26]} 11. Bh4
{[%clk 01:28:39]} {[%emt 00:01:05]} Qc7 {[%clk 01:25:47]} {[%emt 00:00:38]} 12.
Bg3 {[%clk 01:24:52]} {[%emt 00:04:18]} Bxg3 {[%clk 01:23:51]} {[%emt
00:02:26]} 13. fxg3 {[%clk 01:25:04]} {[%emt 00:00:18]} c5 {[%clk 01:23:04]}
{[%emt 00:01:18]} 14. Bf5 {[%clk 01:19:31]} {[%emt 00:06:03]} Rfe8 {[%clk
01:13:46]} {[%emt 00:09:47]} 15. Rae1 {[%clk 01:14:21]} {[%emt 00:05:40]} Rac8
{[%clk 01:11:28]} {[%emt 00:02:48]} 16. Rxe8+ {[%clk 01:04:13]} {[%emt
00:10:37]} Rxe8 {[%clk 01:11:25]} {[%emt 00:00:33]} 17. dxc5 {[%clk 01:02:44]}
{[%emt 00:02:01]} Qxc5+ {[%clk 01:05:30]} {[%emt 00:06:25]} 18. Nd4 {[%clk
01:03:03]} {[%emt 00:00:10]} Bxf5 {[%emt 00:06:02]} 19. Qxf5 {[%clk 01:03:11]}
{[%emt 00:00:06]} Re2 {[%clk 01:00:17]} {[%emt 00:00:27]} 20. Qd3 {[%clk
01:01:39]} {[%emt 00:02:02]} Re7 {[%clk 00:58:36]} {[%emt 00:02:09]} 21. N2f3
{[%clk 00:56:31]} {[%emt 00:05:40]} Ng4 {[%clk 00:57:26]} {[%emt 00:01:39]} 22.
h3 {[%clk 00:45:51]} {[%emt 00:11:11]} Ngf6 {[%clk 00:56:46]} {[%emt 00:01:08]}
23. Qb5 {[%clk 00:40:38]} {[%emt 00:05:45]} Qxb5 {[%clk 00:51:25]} {[%emt
00:05:52]} 24. Nxb5 {[%clk 00:41:02]} {[%emt 00:00:05]} Re2 {[%clk 00:51:37]}
{[%emt 00:00:18]} 25. Rf2 {[%clk 00:41:06]} {[%emt 00:00:26]} Rxf2 {[%clk
00:50:42]} {[%emt 00:01:24]} 26. Kxf2 {[%clk 00:41:18]} {[%emt 00:00:19]} Ne4+
{[%clk 00:49:12]} {[%emt 00:02:00]} 27. Ke3 {[%clk 00:41:40]} {[%emt 00:00:07]}
a6 {[%clk 00:48:59]} {[%emt 00:00:43]} 28. Nc7 {[%clk 00:40:50]} {[%emt
00:01:21]} Nxg3 {[%clk 00:48:19]} {[%emt 00:01:07]} 29. Nxd5 {[%clk 00:40:54]}
{[%emt 00:00:30]} f6 {[%clk 00:47:46]} {[%emt 00:01:01]} 30. Nd4 {[%clk
00:40:32]} {[%emt 00:00:53]} Ne5 {[%clk 00:47:03]} {[%emt 00:01:13]} 31. b3
{[%clk 00:38:37]} {[%emt 00:02:25]} Kf7 {[%clk 00:45:49]} {[%emt 00:01:43]} 32.
Nc7 {[%clk 00:37:26]} {[%emt 00:01:41]} g6 {[%clk 00:44:53]} {[%emt 00:01:26]}
33. Nce6 {[%clk 00:33:28]} {[%emt 00:04:29]} Nh5 {[%emt 00:01:57]} 34. Nd8+
{[%emt 00:02:27]} Ke7 {[%clk 00:40:55]} {[%emt 00:00:01]} 35. Nxb7 {[%clk
00:33:39]} {[%emt 00:00:21]} Ng7 {[%clk 00:40:51]} {[%emt 00:00:34]} 36. Nc5
{[%clk 00:33:08]} {[%emt 00:01:01]} a5 {[%clk 00:41:11]} {[%emt 00:00:10]} 37.
a4 {[%clk 00:32:27]} {[%emt 00:01:11]} Nf5+ {[%clk 00:41:12]} {[%emt 00:00:28]}
38. Nxf5+ {[%clk 00:32:22]} {[%emt 00:00:36]} gxf5 {[%clk 00:41:32]} {[%emt
00:00:10]} 39. Kf4 {[%clk 00:31:32]} {[%emt 00:01:21]} Ng6+ {[%clk 00:41:54]}
{[%emt 00:00:07]} 40. Kxf5 {[%clk 00:31:25]} {[%emt 00:00:38]} Nh4+ {[%emt
00:00:04]} 41. Ke4 {[%clk 00:31:43]} {[%emt 00:00:10]} Nxg2 {[%clk 00:42:43]}
{[%emt 00:00:08]} 42. Nb7 {[%clk 00:31:39]} {[%emt 00:00:34]} Ne1 {[%clk
00:42:58]} {[%emt 00:00:15]} 43. Nxa5 {[%clk 00:32:01]} {[%emt 00:00:08]} Nc2
{[%clk 00:43:22]} {[%emt 00:00:05]} 44. b4 {[%clk 00:31:56]} {[%emt 00:00:35]}
Kd6 {[%clk 00:43:48]} {[%emt 00:00:04]} 45. Nc4+ {[%clk 00:31:29]} {[%emt
00:00:56]} 1-0

[Event "DEM U12 2025"]
[Site "Willingen GER"]
[Date "2025.06.14"]
[Round "9"]
[White "Fels, Mattis"]
[Black "Prashanthakumar, Arnesh"]
[Result "0-1"]
[Termination "normal"]
[Board "25"]
[WhiteElo "1758"]
[BlackElo "1564"]
[WhiteClock "00:14:16"]
[BlackClock "00:19:08"]
[PlyCount "60"]
[WhiteFideId "34623795"]
[BlackFideId "34604073"]
[EventCountry "GER"]
[EventRounds "9"]
[EventType "swiss"]
[EventDate "2025.06.07"]

1. d4 {[%clk 01:30:59]} Nf6 {[%clk 01:30:52]} {[%emt 00:00:09]} 2. Nc3 {[%clk
01:31:24]} {[%emt 00:00:05]} d5 {[%clk 01:31:16]} {[%emt 00:00:06]} 3. Bf4
{[%clk 01:31:50]} {[%emt 00:00:03]} g6 {[%clk 01:31:37]} {[%emt 00:00:10]} 4.
Nb5 {[%clk 01:32:13]} {[%emt 00:00:06]} Na6 {[%clk 01:31:48]} {[%emt 00:00:19]}
5. e3 {[%clk 01:32:23]} {[%emt 00:00:21]} Bg7 {[%clk 01:29:08]} {[%emt
00:03:10]} 6. h4 {[%clk 01:32:51]} {[%emt 00:00:02]} h5 {[%clk 01:29:07]}
{[%emt 00:00:31]} 7. Nf3 {[%clk 01:32:59]} {[%emt 00:00:22]} c6 {[%clk
01:28:47]} {[%emt 00:00:50]} 8. Nc3 {[%clk 01:33:24]} {[%emt 00:00:06]} Bf5
{[%clk 01:25:15]} {[%emt 00:04:01]} 9. Ne5 {[%clk 01:33:04]} {[%emt 00:00:50]}
Nb8 {[%clk 01:23:31]} {[%emt 00:02:14]} 10. f3 {[%clk 01:29:05]} {[%emt
00:04:28]} Nbd7 {[%clk 01:16:18]} {[%emt 00:07:44]} 11. Be2 {[%clk 01:26:32]}
{[%emt 00:03:03]} Bh6 {[%clk 01:09:00]} {[%emt 00:07:48]} 12. Bxh6 {[%clk
01:24:17]} {[%emt 00:02:45]} Rxh6 {[%clk 01:08:22]} {[%emt 00:01:09]} 13. g4
{[%clk 01:24:22]} {[%emt 00:00:24]} hxg4 {[%clk 01:05:25]} {[%emt 00:03:27]}
14. fxg4 {[%clk 01:23:31]} {[%emt 00:01:20]} Be4 {[%clk 01:04:04]} {[%emt
00:01:51]} 15. Rh2 {[%clk 01:06:24]} {[%emt 00:17:38]} Rh7 {[%clk 00:58:02]}
{[%emt 00:06:32]} 16. g5 {[%clk 01:03:57]} {[%emt 00:02:56]} Nxe5 {[%clk
00:53:55]} {[%emt 00:04:38]} 17. dxe5 {[%clk 00:58:51]} {[%emt 00:05:36]} Nd7
{[%clk 00:50:27]} {[%emt 00:03:57]} 18. Nxe4 {[%clk 00:56:21]} {[%emt
00:03:01]} dxe4 {[%clk 00:50:00]} {[%emt 00:00:56]} 19. e6 {[%clk 00:52:57]}
{[%emt 00:03:55]} Nc5 {[%clk 00:41:33]} {[%emt 00:08:56]} 20. exf7+ {[%clk
00:52:46]} {[%emt 00:00:41]} Kxf7 {[%clk 00:39:06]} {[%emt 00:02:58]} 21. h5
{[%clk 00:46:57]} {[%emt 00:06:19]} Qd5 {[%clk 00:32:58]} {[%emt 00:06:39]} 22.
hxg6+ {[%clk 00:36:01]} {[%emt 00:11:26]} Kxg6 {[%clk 00:33:10]} {[%emt
00:00:19]} 23. Bh5+ {[%clk 00:34:22]} {[%emt 00:02:08]} Kg7 {[%clk 00:29:51]}
{[%emt 00:03:48]} 24. Qg4 {[%clk 00:31:01]} {[%emt 00:03:52]} Qd7 {[%clk
00:19:43]} {[%emt 00:10:38]} 25. Qxd7 {[%clk 00:21:40]} {[%emt 00:09:51]} Nxd7
{[%clk 00:20:01]} {[%emt 00:00:11]} 26. Rd1 {[%clk 00:21:42]} {[%emt 00:00:28]}
Ne5 {[%clk 00:18:58]} {[%emt 00:01:33]} 27. Rdd2 {[%clk 00:21:17]} {[%emt
00:00:56]} Rah8 {[%clk 00:18:57]} {[%emt 00:00:30]} 28. Rd4 {[%clk 00:13:32]}
{[%emt 00:08:16]} Rxh5 {[%clk 00:18:43]} {[%emt 00:00:43]} 29. Rxh5 {[%clk
00:13:53]} {[%emt 00:00:09]} Rxh5 {[%clk 00:19:09]} {[%emt 00:00:05]} 30. Rxe4
{[%clk 00:14:16]} {[%emt 00:00:06]} Rxg5 {[%clk 00:19:08]} {[%emt 00:00:31]}
0-1

[Event "DEM U12 2025"]
[Site "Willingen GER"]
[Date "2025.06.14"]
[Round "9"]
[White "Döscher, Rasmus"]
[Black "Baumann, Simon"]
[Result "0-1"]
[Termination "normal"]
[Board "26"]
[WhiteElo "1569"]
[BlackElo "1713"]
[WhiteClock "00:18:35"]
[BlackClock "00:31:05"]
[PlyCount "70"]
[WhiteFideId "34625038"]
[BlackFideId "34643664"]
[EventCountry "GER"]
[EventRounds "9"]
[EventType "swiss"]
[EventDate "2025.06.07"]

1. d4 {[%clk 01:30:59]} {[%emt 00:00:02]} d5 {[%clk 01:30:57]} {[%emt
00:00:03]} 2. c4 {[%clk 01:31:18]} {[%emt 00:00:10]} dxc4 {[%clk 01:31:24]}
{[%emt 00:00:05]} 3. e3 {[%clk 01:31:27]} {[%emt 00:00:20]} a6 {[%clk
01:31:50]} {[%emt 00:00:04]} 4. a4 {[%clk 01:30:55]} {[%emt 00:01:02]} Nf6
{[%clk 01:32:03]} {[%emt 00:00:17]} 5. Bxc4 {[%clk 01:30:32]} {[%emt 00:00:53]}
e6 {[%clk 01:32:28]} {[%emt 00:00:05]} 6. Nf3 {[%clk 01:28:44]} {[%emt
00:02:18]} c5 {[%clk 01:32:53]} {[%emt 00:00:05]} 7. O-O {[%clk 01:28:20]}
{[%emt 00:00:54]} Nc6 {[%clk 01:33:18]} {[%emt 00:00:05]} 8. Nc3 {[%clk
01:24:57]} {[%emt 00:03:54]} cxd4 {[%clk 01:33:17]} {[%emt 00:00:30]} 9. Nxd4
{[%clk 01:23:25]} {[%emt 00:02:02]} Bd7 {[%clk 01:32:58]} {[%emt 00:00:49]} 10.
Bd2 {[%clk 01:18:01]} {[%emt 00:05:53]} Bc5 {[%clk 01:33:12]} {[%emt 00:00:17]}
11. Nb3 {[%clk 01:17:21]} {[%emt 00:01:10]} Be7 {[%clk 01:32:48]} {[%emt
00:00:53]} 12. Re1 {[%clk 01:07:13]} {[%emt 00:10:39]} Rc8 {[%clk 01:33:10]}
{[%emt 00:00:09]} 13. Bf1 {[%clk 01:03:43]} {[%emt 00:03:59]} O-O {[%clk
01:33:03]} {[%emt 00:00:35]} 14. Rc1 {[%clk 00:58:47]} {[%emt 00:05:28]} Nb4
{[%clk 01:31:39]} {[%emt 00:01:55]} 15. Nd4 {[%clk 00:58:19]} {[%emt 00:00:57]}
Qb6 {[%clk 01:27:43]} {[%emt 00:04:26]} 16. Nc2 {[%clk 00:52:51]} {[%emt
00:05:58]} Nc6 {[%clk 01:25:04]} {[%emt 00:03:09]} 17. e4 {[%clk 00:51:34]}
{[%emt 00:01:48]} Bc5 {[%clk 01:22:27]} {[%emt 00:03:06]} 18. Be3 {[%clk
00:50:29]} {[%emt 00:01:36]} Bxe3 {[%clk 01:22:31]} {[%emt 00:00:25]} 19. Nxe3
{[%clk 00:49:13]} {[%emt 00:01:46]} Qxb2 {[%clk 01:20:09]} {[%emt 00:02:52]}
20. Nc4 {[%clk 00:45:20]} {[%emt 00:04:24]} Qb4 {[%clk 01:18:54]} {[%emt
00:01:44]} 21. Nd6 {[%clk 00:44:48]} {[%emt 00:01:02]} Rc7 {[%clk 01:16:29]}
{[%emt 00:02:55]} 22. e5 {[%clk 00:37:20]} {[%emt 00:07:58]} Nxe5 {[%clk
01:14:54]} {[%emt 00:02:04]} 23. Rxe5 {[%clk 00:34:52]} {[%emt 00:02:59]} Rxc3
{[%clk 01:15:20]} {[%emt 00:00:05]} 24. Qd2 {[%clk 00:34:43]} {[%emt 00:00:38]}
Rb3 {[%clk 01:14:49]} {[%emt 00:00:57]} 25. Qd1 {[%clk 00:33:43]} {[%emt
00:01:34]} Bxa4 {[%clk 01:00:47]} {[%emt 00:14:32]} 26. Rc4 {[%clk 00:32:43]}
{[%emt 00:01:31]} Qa3 {[%clk 00:54:09]} {[%emt 00:07:07]} 27. h3 {[%clk
00:25:45]} {[%emt 00:07:27]} Bc6 {[%clk 00:38:25]} {[%emt 00:16:14]} 28. Rc1
{[%clk 00:23:40]} {[%emt 00:02:36]} Rd8 {[%clk 00:36:09]} {[%emt 00:02:46]} 29.
Rec5 {[%clk 00:18:38]} {[%emt 00:05:32]} Ne4 {[%clk 00:33:37]} {[%emt
00:03:02]} 30. Rxc6 {[%clk 00:18:50]} {[%emt 00:00:19]} bxc6 {[%clk 00:33:47]}
{[%emt 00:00:20]} 31. Rxc6 {[%clk 00:19:10]} {[%emt 00:00:09]} Nxd6 {[%clk
00:34:07]} {[%emt 00:00:09]} 32. Rxa6 {[%clk 00:18:59]} {[%emt 00:00:42]} Qb4
{[%clk 00:34:07]} {[%emt 00:00:30]} 33. Ra1 {[%clk 00:18:21]} {[%emt 00:01:07]}
h6 {[%clk 00:32:25]} {[%emt 00:02:12]} 34. Bd3 {[%clk 00:18:37]} {[%emt
00:00:15]} Nb7 {[%clk 00:31:35]} {[%emt 00:01:20]} 35. Qc2 {[%clk 00:18:35]}
{[%emt 00:00:32]} Rbxd3 {[%clk 00:31:05]} {[%emt 00:01:00]} 0-1